ბათუმის შოთა რუსთაველის სახელმწიფო უნივერსიტეტის ბიბლიოთეკა

საერთაშორისო ეკონომიკური ურთიერთობების სტატისტიკა : (ბიბ.ჩანაწერი № 56555)

000 -ლიდერი
ფიქსირებული სიგრძის საკონტროლო ველი 01357nam a2200253Ia 4500
001 - საკონტროლო ნომერი
საკონტროლო ველი 23669
003 - საკონტროლო ნომრის იდენტიფიკატორი
საკონტროლო ველი GE_BSU
005 - ბოლო ოპერაციის თარიღი და დრო
საკონტროლო ველი 20191029163449.0
008 - ფიქსირებული სიგრძის მონაცემთა ელემენტები - ზოგადი ინფორმაცია
ფიქსირებული სიგრძის საკონტროლო ველი 181216s2018||||ge |||||||||||||| ||geo||
020 ## - წიგნის საერთაშორისო სტანდარტული ნომერი
International Standard Book Number 9789941959707
041 ## - ენის კოდი
Language code of text/sound track or separate title geo
080 ## - უნივერსალური ათობითი კლასიფიკაციის ინდექსი
Universal Decimal Classification number 339(075.8)+311 ა-88
100 ## - მთავარი ჩანაწერი - პიროვნების სახელი
Personal name ასლამაზიშვილი, ნანა.
9 (RLIN) 5084
245 ## - ცნობა სათაურის შესახებ
Title საერთაშორისო ეკონომიკური ურთიერთობების სტატისტიკა :
Remainder of title დამხმარე სახელმძღვანელო /
Statement of responsibility, etc ნანა ასლამაზიშვილი ; სიმონ გელაშვილი ; რედ : მაია მინდორაშვილი .
260 ## - გამოქვეყნების, გავრცელების, და სხვა. ცნობები
Place of publication, distribution, etc თბილისი
264 ## - წარმოების, გამოცემის, დისტრიბუციის და სხვა ცნობები
გამოცემის, წარმოების, დისტრიბუციის... ადგილი თბილისი :
გამოცემის, წარმოების, დისტრიბუციის... სახელწოდება კალმოსანი,
გამოცემის, წარმოების, დისტრიბუციის... თარიღი 2018.
300 ## - ფიზიკური აღწერა
Extent 234 გვ. :
Other physical details ცხრ. ;
Dimensions 29 სმ.
504 ## - BIBLIOGRAPHY, ETC. NOTE
Bibliography, etc ბიბლიოგრ.: გვ. 205-207.
653 ## - INDEX TERM--UNCONTROLLED
Uncontrolled term საერთაშორისო ეკონომიკური ურთიერთობების სტატისტიკა
700 ## - ADDED ENTRY--PERSONAL NAME
Personal name გელაშვილი, სიმონ
9 (RLIN) 5080
700 ## - ADDED ENTRY--PERSONAL NAME
Personal name მინდორაშვილი, მაია
Relator term რედაქტორი
9 (RLIN) 5085
942 ## - ADDED ENTRY ELEMENTS (KOHA)
Koha item type წიგნი
Source of classification or shelving scheme
ეგზემპლარები
ჩამოწერის სტატუსი დაკარგული ეგზემპლარის სტატუსი კლასიფიკაციის წყარო ან თაროზე გაწყობის სქემა დაზიანების სტატუსი არ გაიცემა მუდმივი მდებარეობა (დაცვის ადგილი) ამჟამინდელი ადგილსამყოფელი თაროზე განთავსების ადგილი შეძენის თარიღი ღირებულება, შესყიდვის ნორმალური ფასი სრული შენახვის შიფრი შტრიხკოდი ბოლო ოპერაციის თარიღი ეგზემპლარის მიმდევრობითი ნომერი (კეტერი?) ფასის ძალაში შესვლის თარიღი ეგზემპლარის სახეობა საჯარო შენიშვნა
          ბათუმის შოთა რუსთაველის სახელმწიფო უნივერსიტეტის მთავარი ბიბლიოთეკა ბათუმის შოთა რუსთაველის სახელმწიფო უნივერსიტეტის მთავარი ბიბლიოთეკა წიგნსაცავი 2018-12-17 17.00 339(075.8)+311 ა-88 50005 2018-12-17 50005 2018-12-17 წიგნი 17.50 თ.
          ბათუმის შოთა რუსთაველის სახელმწიფო უნივერსიტეტის მთავარი ბიბლიოთეკა ბათუმის შოთა რუსთაველის სახელმწიფო უნივერსიტეტის მთავარი ბიბლიოთეკა წიგნსაცავი 2018-12-17 17.00 339(075.8)+311 ა-88 50006 2018-12-17 50006 2018-12-17 წიგნი 17. 50 თ.